00448 2200169 4500001002100000005001700021008004100038020001800079035002500097041000700122082001100129090001700140100001900157245005900176260002800235300001500263INLIS0000000000052150:yyyyMMddHHmmss180719||||||||| | ||| |||| || |  a979-781-069-0 a0010-031300000005215 aid0 a287.36 a287.36 AZR m0 aAzyumardi Azra00aMalam seribu bulan, renungan-renungan 30 hari ramadhan aJakartabErlanggac2005 a14 x 20 cm